000 00446ntaaa2200181 4500
003 01
005 20251027201740.0
008 0714s1973 ag 01
040 _aAR-BaBN
_bspa
_cAR-BaBN
_eaacr
_dRIC
082 _a239.0000 M959
100 _aMullins, Edgar Young
245 _aEvidencias cristianas
250 _a1 ed.
260 _aEl Paso :
_bCasa Bautista de Publicaciones,
_c1925
300 _a428 p
650 _aapologética
942 _cBK
999 _c12154
_d12154